000 00905nam a2200229Ia 4500
001 L262-18570
003 IT-CnALBA
008 170116s9999||||xx |||||||||||||| ||und||
040 _aIT-CnALBA
_cIT-CnALBA
041 _aITALIANO
100 _aBERNAREGGI ADRIANO, VESCOVO DI BERGAMO.
245 0 _aRESPONSABILITÀ DEL SACERDOTE NELL'ORA ATTUALE. LETTERA AL CLERO.
250 _a1a ed.
260 _a BERGAMO
_bSESA SOC. EDIZ. S. ALESS.
_c1944 [1° Ed.:1944 - Ed.Ling.Originale: 1944]
300 _a41 p.
500 _aSITUAZIONE PRESENTE. DOVERE DEL SACERDOTE. STUDIO APOSTOLATO DEVOZIONE ALLA CHIESA.
501 _aSocietà San Paolo EM - Piazza San Paolo, 14 - 12051 ALBA (CN) (non commercial uses only) ® Copyright 2017
520 _aSITUAZIONE PRESENTE. DOVERE DEL SACERDOTE. STUDIO APOSTOLATO DEVOZIONE ALLA CHIESA.
650 _aECCLESIOLOGIA
942 _cBK
957 _71
999 _a23316
_bSI
_g Copie: 1
_c277699
_d277699